Příliv potenciální pracovní síly do Evropské unie
Analýza migrácie cudzincov vo vybraných štátoch EU (Česká republika, Slovensko, Maďarsko a Poľsko) za posledných päť rokov. Rozsah a štruktúra perspektívnej pracovnej migrácie.
Salvato in:
| Autore principale: | |
|---|---|
| Altri autori: | |
| Natura: | Capitolo di libro |
| Lingua: | ceco |
| Soggetti: | |
| Tags: |
Nessun Tag, puoi essere il primo ad aggiungerne!!
|
MARC
| LEADER | 00000nla a2200000 4500 | ||
|---|---|---|---|
| 001 | 0241772 | ||
| 005 | 20240417075134.6 | ||
| 041 | 0 | |a cze | |
| 044 | |a CZ | ||
| 245 | 1 | 0 | |a Příliv potenciální pracovní síly do Evropské unie |c Jiří Dědina, Kamila Vítková |
| 520 | |a Analýza migrácie cudzincov vo vybraných štátoch EU (Česká republika, Slovensko, Maďarsko a Poľsko) za posledných päť rokov. Rozsah a štruktúra perspektívnej pracovnej migrácie. | ||
| 610 | 2 | 0 | |a migrácia |
| 610 | 2 | 0 | |a trh práce |
| 610 | 2 | 0 | |a pohyb síl pracovných |
| 610 | 2 | 0 | |a pohyb síl pracovných medzinárodný |
| 610 | 2 | 0 | |a Slovensko |
| 610 | 2 | 0 | |a Česko |
| 610 | 2 | 0 | |a Európska únia |
| 100 | 1 | |a Dědina, Jiří | |
| 700 | 1 | |a Vítková, Kamila | |